000 00315nam a2200133Ia 4500
005 20260328104329.0
008 260328s9999||||xx |||||||||||||| ||und||
100 _aMann, Claudia
245 0 _aCLotet/Tusquets /
_cClaudia Mann
260 _bGustavo Gili
300 _a126 p.
650 _aARQUITECTOS
942 _cBK
999 _c11649
_d11649